Countries of the World - Map Quiz - Statistics

General Stats
  • This quiz has been taken 1,599 times
  • The average score is 73 of 196
Answers on the Map
Answers color-coded by a green-red scale on the quiz's map according to % correct below.
 
Answer Stats
Answer % Correct
Canada
85%
United States of America
80%
Mexico
79%
Brazil
68%
Argentina
64%
Chile
64%
Colombia
59%
Panama
59%
Australia
58%
Cuba
56%
Bolivia
54%
Ecuador
54%
Peru
54%
Venezuela
54%
Algeria
53%
Belize
53%
China
53%
Paraguay
53%
Bahamas
52%
Guatemala
52%
Costa Rica
51%
Egypt
51%
India
51%
Uruguay
51%
Madagascar
50%
Russia
50%
New-Zealand
49%
South Africa
49%
Jamaica
48%
Morocco
48%
Afghanistan
47%
Dominican Republic
47%
El Salvador
47%
Suriname
47%
Guyana
46%
Haiti
46%
Honduras
46%
Indonesia
46%
Japan
46%
Libya
46%
Mongolia
46%
Nicaragua
46%
North Korea
45%
Sudan
45%
Denmark
44%
Germany
44%
Greece
44%
South Korea
44%
Chad
43%
Ethiopia
43%
Somalia
43%
Tunisia
43%
Bangladesh
42%
Central African Republic
42%
Finland
42%
France
42%
Norway
42%
Pakistan
42%
Papua New Guinea
42%
Saudi Arabia
42%
South Sudan
42%
Sri Lanka
42%
Angola
41%
Eritrea
41%
Iceland
41%
Italy
41%
Kazakhstan
41%
Nepal
41%
Philippines
41%
Poland
41%
Spain
41%
Cabo Verde
40%
Iraq
40%
Ireland
40%
Portugal
40%
Turkey
40%
Ukraine
40%
United Kingdom
40%
Belarus
39%
Cambodia
39%
Djibouti
39%
Iran
39%
Kenya
39%
Namibia
39%
Niger
39%
Sweden
39%
Austria
38%
Botswana
38%
Cyprus
38%
Estonia
38%
Eswatini
38%
Malaysia
38%
Mali
38%
Mauritania
38%
Mozambique
38%
Myanmar
38%
Oman
38%
Vietnam
38%
Belgium
37%
Bhutan
37%
Cameroon
37%
Czechia
37%
Laos
37%
Lesotho
37%
Maldives
37%
Nigeria
37%
Senegal
37%
Taiwan
37%
Albania
36%
Bulgaria
36%
Democratic Republic of the Congo
36%
Thailand
36%
Benin
35%
Burkina Faso
35%
Côte d'Ivoire
35%
Croatia
35%
Israel
35%
Latvia
35%
Lithuania
35%
Malawi
35%
Romania
35%
Switzerland
35%
Yemen
35%
Equatorial Guinea
34%
Ghana
34%
Jordan
34%
Netherlands
34%
Sao Tome and Principe
34%
Seychelles
34%
Tanzania
34%
Uganda
34%
Azerbaijan
33%
Bosnia and Herzegovina
33%
Congo
33%
Hungary
33%
Moldova
33%
Syria
33%
United Arab Emirates
33%
Armenia
32%
Burundi
32%
Comoros
32%
Gabon
32%
Georgia
32%
Guinea
32%
Mauritus
32%
Rwanda
32%
Zambia
32%
Zimbabwe
32%
Gambia
31%
Kuwait
31%
Liberia
31%
Togo
31%
Turkmenistan
31%
Guinea-Bissau
30%
Kyrgyzstan
30%
Slovakia
30%
Kiribati
29%
Kosovo
29%
Lebanon
29%
Malta
29%
North Macedonia
29%
Serbia
29%
Sierra Leone
29%
Slovenia
29%
Uzbekistan
29%
Qatar
28%
Tajikistan
28%
Timor-Leste
28%
Luxembourg
27%
Montenegro
27%
Micronesia
26%
Fiji
24%
Solomon Islands
23%
Trinidad and Tobago
23%
Brunei
22%
Andorra
21%
Marshall Islands
21%
Palau
21%
Singapore
20%
Bahrain
19%
Nauru
19%
Samoa
17%
Tuvalu
17%
Vanuatu
17%
Tonga
16%
Liechtenstein
15%
Antigua and Barbuda
13%
San Marino
13%
Monaco
12%
Barbados
11%
Dominica
11%
Saint Kitts and Nevis
11%
Grenada
10%
Saint Vincent and the Grenadines
10%
Vatican
10%
Saint Lucia
9%
No matching quizzes found
Score Distribution
Percent of People with Each Score
Percentile by Number Answered
Your Score History
You have not taken this quiz